Statistics for Golf Terms for scores better than par

Click here to take the quiz!

General Stats

  • This quiz has been taken 33 times
  • The average score is 4 of 6

Answer Stats

ScoreTerm% Correct
−1Birdie
100%
−2Eagle
100%
−3Albatross
93%
−4Condor
52%
−5Ostrich
15%
−6Phoenix
4%

Score Distribution

Percentile by Number Answered

Percent of People with Each Score

Your Score History

You have not taken this quiz